[Event "DM 2026 Kort Paaske 1C"]
[Site "Svendborg"]
[Date "2026.03.28"]
[Round "1.20"]
[White "Vilkauskas, Benas"]
[Black "Berglund, Viktor Markvard"]
[Result "1-0"]
[WhiteElo "1683"]
[BlackElo "1599"]
[WhiteFideId "1487132"]
[BlackFideId "1481622"]
[EventDate "2026.03.28"]
[EventType "swiss"]
[EventRounds "5"]
[EventCountry "DEN"]
[SourceTitle "Live v. Kasper Jerwiarz"]

1. Nf3 c6 2. d4 d5 3. g3 Nf6 4. Bg2 Bf5 5. Nc3 Nbd7 6. Nh4 Bg4 7. h3 Be6 8. e4 Nb6 9. O-O g6 10. b3 Bg7 11. Be3 O-O 12. Qd2 Qd7 13. Kh2 Rac8 14. f4 Qd8 15. e5 Ne8 16. Nf3 Nc7 17. Ne1 f6 18. Ne2 Re8 19. a4 Rf8 20. c3 Nd7 21. Ng1 f5 22. Rf2 Na6 23. Ngf3 c5 24. Ng5 Bf7 25. Nxf7 Rxf7 26. Bxd5 Qb6 27. e6 Nf6 28. exf7+ Kf8 29. a5 Qc7 30. Be6 Rd8 31. Re2 cxd4 32. Rd1 Ne4 33. Qd3 Nxc3 34. Rc2 Nb4 35. Rxc3 Nxd3 36. Rxc7 Nxe1 37. Rxe1 dxe3 38. Rxe3 Bd4 39. Re2 b6 40. Kg2 bxa5 41. Rd2 1-0

[Event "DM 2026 Kort Paaske 1C"]
[Site "Svendborg"]
[Date "2026.03.28"]
[Round "1.21"]
[White "Fogh, Torben"]
[Black "Christensen, Soren Graugaard"]
[Result "1/2-1/2"]
[WhiteElo "1605"]
[BlackElo "1723"]
[WhiteFideId "1420704"]
[BlackFideId "1413449"]
[EventDate "2026.03.28"]
[EventType "swiss"]
[EventRounds "5"]
[EventCountry "DEN"]
[SourceTitle "Live v. Kasper Jerwiarz"]

1. d4 f5 2. Bf4 Nf6 3. e3 e6 4. a3 d5 5. Bd3 Nbd7 6. h3 c5 7. b3 Be7 8. Nf3 Nf8 9. Nbd2 Ng6 10. Bh2 O-O 11. O-O Ne4 12. c4 b6 13. a4 Bb7 14. Rc1 Rc8 15. Qe1 Qe8 16. Nb1 Qf7 17. Nfd2 Qf6 18. f3 Nxd2 19. Qxd2 cxd4 20. Kh1 dxe3 21. Qxe3 Bc5 22. Qe2 Rfe8 23. Nd2 d4 24. Rb1 a5 25. Rfd1 Re7 26. Nf1 Rce8 27. Ng3 Nf4 28. Qf1 Nxd3 29. Qxd3 g6 30. Qf1 e5 31. Re1 e4 32. fxe4 Bxe4 33. Nxe4 Rxe4 34. Red1 Qe6 35. Bg1 g5 36. Bf2 f4 37. Rd3 h5 38. Qd1 g4 39. hxg4 hxg4 40. Bxd4 Bxd4 41. Rxd4 g3 42. Rxe4 Qxe4 43. Qd5+ Kg7 44. Qxe4 Rxe4 45. Kg1 Kf6 46. Kf1 Re3 47. b4 axb4 48. Rxb4 Re6 49. c5 bxc5 50. Rxf4+ Kg5 51. Rc4 Rf6+ 52. Kg1 Rc6 53. Kf1 Rf6+ 54. Kg1 1/2-1/2

[Event "DM 2026 Kort Paaske 1C"]
[Site "Svendborg"]
[Date "2026.03.28"]
[Round "1.22"]
[White "Dithlevsen, Birgit"]
[Black "Berglund, Konrad Markvard"]
[Result "1-0"]
[WhiteElo "1614"]
[BlackElo "1350"]
[WhiteFideId "1413201"]
[BlackFideId "1485504"]
[EventDate "2026.03.28"]
[EventType "swiss"]
[EventRounds "5"]
[EventCountry "DEN"]
[SourceTitle "Live v. Kasper Jerwiarz"]

1. e4 e5 2. Bc4 Nf6 3. Nc3 Bc5 4. Nf3 Nc6 5. O-O O-O 6. a3 d6 7. h3 Be6 8. Bxe6 fxe6 9. d3 h6 10. Na4 Bb6 11. c3 Qe7 12. b4 Qe8 13. Nxb6 axb6 14. Be3 Rd8 15. Nh2 d5 16. exd5 exd5 17. Qb3 Qf7 18. d4 exd4 19. cxd4 Rfe8 20. Nf3 Ne4 21. Qd3 Ra8 22. b5 Na5 23. Ne5 Qe7 24. Ng6 Qd8 25. Ne5 Ra7 26. g3 Qa8 27. Kg2 Qd8 28. Rac1 Ra8 29. f3 Nf6 30. Qg6 Kh8 31. Nf7+ 1-0

[Event "DM 2026 Kort Paaske 1C"]
[Site "Svendborg"]
[Date "2026.03.28"]
[Round "1.23"]
[White "Bertl Eberle, Emil"]
[Black "Shekar, Diya"]
[Result "0-1"]
[WhiteElo "1451"]
[BlackElo "1540"]
[WhiteFideId "1481207"]
[BlackFideId "1472330"]
[EventDate "2026.03.28"]
[EventType "swiss"]
[EventRounds "5"]
[EventCountry "DEN"]
[SourceTitle "Live v. Kasper Jerwiarz"]

1. d4 d6 2. e4 Nf6 3. Bd3 g6 4. c4 Bg7 5. Nf3 O-O 6. O-O Bg4 7. Nbd2 Re8 8. h3 Bxf3 9. Nxf3 e5 10. d5 Nbd7 11. Re1 Nc5 12. b4 Nxd3 13. Qxd3 Qd7 14. b5 b6 15. Re2 Rac8 16. Ne1 Qe7 17. Bg5 h6 18. Bxf6 Qxf6 19. Nc2 Qe7 20. Nb4 Qd7 21. Nc6 Ra8 22. Re3 f5 23. Rg3 Qf7 24. Rf3 f4 25. g3 h5 26. Qd2 Bh6 27. h4 Qd7 28. a4 Qg4 29. Kg2 Kh7 30. Qc3 fxg3 31. Rxg3 Qxe4+ 32. Kg1 Qxh4 33. Qc2 Qf6 34. Nb4 Rf8 35. Na6 Rac8 36. Raa3 Qf5 37. Qxf5 Rxf5 38. Raf3 Rxf3 39. Rxf3 Kg7 40. Kf1 Bf4 41. Nb4 Kf6 42. Nc6 h4 43. Nb4 g5 44. Nc6 g4 45. Rd3 h3 46. Nb4 Rg8 47. Kg1 g3 48. fxg3 Rxg3+ 49. Rxg3 Bxg3 50. Na6 h2+ 51. Kg2 e4 52. Nb4 e3 53. Nd3 e2 54. Kh1 Kf5 55. Kg2 Ke4 0-1

[Event "DM 2026 Kort Paaske 1C"]
[Site "Svendborg"]
[Date "2026.03.28"]
[Round "1.24"]
[White "Kreiner, Aksel Brandt"]
[Black "Shekar, Rohan"]
[Result "0-1"]
[WhiteElo "1579"]
[BlackElo "1522"]
[WhiteFideId "1489313"]
[BlackFideId "1485580"]
[EventDate "2026.03.28"]
[EventType "swiss"]
[EventRounds "5"]
[EventCountry "DEN"]
[SourceTitle "Live v. Kasper Jerwiarz"]

1. d4 d6 2. e4 g6 3. Nf3 Bg7 4. c4 Nf6 5. Nc3 Nbd7 6. Bg5 O-O 7. Be2 Re8 8. O-O e5 9. d5 b6 10. b4 a5 11. b5 Bb7 12. a4 Qc8 13. h3 Nc5 14. Bd3 Nxd3 15. Qxd3 Nh5 16. Qd2 Nf4 17. Rac1 f6 18. Bxf4 exf4 19. Qxf4 Rf8 20. Rfe1 Qd8 21. Re3 Bc8 22. Rce1 g5 23. Qg3 Bh6 24. R3e2 Bg7 25. Rc1 Bh6 26. Rcc2 Re8 27. h4 g4 28. Nh2 Kf7 29. Nxg4 Bf8 30. Re3 h5 31. Nh2 Bh6 32. f4 Rg8 33. Qf3 Kf8 34. Ree2 Qe8 35. f5 Qe5 36. g4 Bf4 37. Kf1 Bxh2 38. Rxh2 Rxg4 39. Rcf2 Rg3 40. Qxh5 Qxc3 41. Qh8+ Rg8 42. Qh6+ Rg7 43. Rfg2 Qf3+ 44. Ke1 Qxe4+ 45. Kf1 Qxf5+ 46. Rf2 Qb1+ 47. Ke2 Qe4+ 48. Kd1 Bg4+ 49. Kc1 Qxc4+ 50. Rc2 Qf1+ 51. Kb2 Re8 52. Rhf2 Qd3 53. Qxf6+ Kg8 54. Rfd2 Qe4 55. Rd4 Qe1 56. Rf4 Bd1 57. Rc1 Rg2+ 58. Kb1 Bc2+ 59. Kb2 Bd3+ 60. Kb3 Bc4+ 61. Rcxc4 Qb1+ 62. Kc3 Qc2+ 63. Kd4 Rd2# 0-1

[Event "DM 2026 Kort Paaske 1C"]
[Site "Svendborg"]
[Date "2026.03.28"]
[Round "1.25"]
[White "Skytte, Amanda"]
[Black "Christensen, Thorbjorn Erik K"]
[Result "0-1"]
[WhiteElo "1565"]
[BlackElo "1577"]
[WhiteFideId "1476882"]
[BlackFideId "1476246"]
[EventDate "2026.03.28"]
[EventType "swiss"]
[EventRounds "5"]
[EventCountry "DEN"]
[SourceTitle "Live v. Kasper Jerwiarz"]

1. e4 c6 2. d4 d5 3. exd5 cxd5 4. Nf3 Bg4 5. Be2 e6 6. O-O Bd6 7. Nc3 Ne7 8. h3 Bxf3 9. Bxf3 Nbc6 10. Re1 O-O 11. Bg4 a6 12. Be3 Qc7 13. Qd2 Na5 14. Qe2 Bb4 15. a3 Bxc3 16. bxc3 Qxc3 17. Bd2 Qc7 18. h4 Nc4 19. Bc1 Rac8 20. Bh3 Nd6 21. Bf4 Qc6 22. h5 Ndf5 23. Qg4 h6 24. Rac1 Qc3 25. g3 Qxd4 26. Red1 Qa4 27. Qf3 Rc4 28. Bxf5 Nxf5 29. g4 Rxf4 30. Qe2 Rxg4+ 31. Kf1 Rc8 32. f3 Ng3+ 33. Ke1 Nxe2 34. Kxe2 Rg2+ 35. Kf1 Rcxc2 36. Rxc2 Qxc2 37. Rd2 Rxd2 38. Kg1 Qc1# 0-1

[Event "DM 2026 Kort Paaske 1C"]
[Site "Svendborg"]
[Date "2026.03.28"]
[Round "1.26"]
[White "Andersen, Lene"]
[Black "Lindorf, Alberte"]
[Result "1/2-1/2"]
[WhiteElo "1604"]
[BlackElo "1200"]
[WhiteFideId "1469576"]
[EventDate "2026.03.28"]
[EventType "swiss"]
[EventRounds "5"]
[EventCountry "DEN"]
[SourceTitle "Live v. Kasper Jerwiarz"]

1. e4 e5 2. Bc4 Nc6 3. d3 Nf6 4. Nc3 h6 5. f4 d6 6. f5 g6 7. fxg6 fxg6 8. Qf3 Qe7 9. Be3 a6 10. a4 Bd7 11. Nge2 O-O-O 12. O-O Bg7 13. Rfb1 Rhf8 14. Qg3 g5 15. b4 Nb8 16. b5 a5 17. b6 c5 18. Nb5 Nc6 19. Na7+ Nxa7 20. bxa7 Kc7 21. Qe1 b6 22. Nc3 Kb7 23. Nd5 Nxd5 24. Bxd5+ Bc6 25. Qxa5 Qc7 26. Bc4 d5 27. Ba6+ Kxa7 28. Rxb6 Qxb6 29. Bxc5 Rb8 30. Qxb6+ Rxb6 31. Bxf8 Bxf8 32. Bb5 Bxb5 33. axb5+ Kb7 34. Rb1 dxe4 35. dxe4 Bc5+ 36. Kf1 Bd4 37. Ke2 Kc7 38. Kf3 Bc5 39. Kg4 Bf8 40. Kh5 Rf6 41. c4 Kb6 42. Rd1 Bd6 43. Rd5 Re6 44. Kg4 Rf6 45. Kh5 Ka5 46. Rd3 Kb4 47. Rf3 Re6 48. Kg4 Kxc4 49. Kf5 Re8 50. Kg6 Rf8 51. Kxh6 Rf4 52. Kxg5 Rxe4 53. b6 Re2 54. h4 Rxg2+ 55. Kh6 Kd5 56. h5 Kc6 57. Rf6 Rd2 58. Kg7 Kxb6 59. h6 Rg2+ 60. Kf7 Rh2 61. Rxd6+ Kc5 62. Rg6 e4 63. Kg7 e3 64. h7 e2 65. Rg1 Kd4 66. h8=Q Rxh8 67. Kxh8 Kd3 1/2-1/2

[Event "DM 2026 Kort Paaske 1C"]
[Site "Svendborg"]
[Date "2026.03.28"]
[Round "1.27"]
[White "Lindorf, Jonas"]
[Black "Pei, Kai"]
[Result "0-1"]
[WhiteElo "1200"]
[BlackElo "1503"]
[EventDate "2026.03.28"]
[EventType "swiss"]
[EventRounds "5"]
[EventCountry "DEN"]
[SourceTitle "Live v. Kasper Jerwiarz"]

1. e4 c5 2. Nf3 d6 3. d4 cxd4 4. Qxd4 Nc6 5. Bb5 Bd7 6. Bxc6 Bxc6 7. Nc3 Nf6 8. Bg5 e5 9. Qd3 Be7 10. O-O-O Qc7 11. Kb1 O-O-O 12. Rhf1 d5 13. Qe2 dxe4 14. Nd2 Bb4 15. Bxf6 gxf6 16. Ncxe4 f5 17. Ng3 Bxd2 18. Rxd2 Rxd2 19. Qxd2 Bxg2 20. Rg1 Rd8 21. Qe2 Bh3 22. Qh5 Qd7 23. a3 Bg4 24. Qxh7 f4 25. Nh5 Bf5 26. Qg7 Qd2 27. Qxe5 Bxc2+ 28. Ka1 Bb3 29. Qc3+ Qxc3 30. bxc3 f3 31. Nf6 Rd2 32. h4 Rxf2 33. h5 Rg2 34. Rh1 f2 35. Ne4 Rg1+ 0-1

[Event "DM 2026 Kort Paaske 1C"]
[Site "Svendborg"]
[Date "2026.03.28"]
[Round "1.28"]
[White "Sundien, Jes"]
[Black "Wilhelmsen, Vera"]
[Result "1/2-1/2"]
[WhiteElo "1537"]
[BlackElo "1200"]
[WhiteFideId "1470132"]
[BlackFideId "1489097"]
[EventDate "2026.03.28"]
[EventType "swiss"]
[EventRounds "5"]
[EventCountry "DEN"]
[SourceTitle "Live v. Kasper Jerwiarz"]

1. e4 c6 2. d4 d5 3. Nc3 e6 4. e5 Bb4 5. Ne2 Ne7 6. a3 Ba5 7. b4 Bb6 8. Na4 Bc7 9. Bg5 O-O 10. Ng3 b5 11. Nc3 a5 12. Bd3 g6 13. Bh6 Re8 14. Qf3 Nf5 15. Bxf5 exf5 16. Nh5 Bxe5 17. dxe5 Rxe5+ 18. Kf1 axb4 19. Ne2 Nd7 20. Qg3 Qe7 21. Nhf4 Rxa3 22. Rxa3 bxa3 23. h4 a2 24. Qc3 b4 25. Qa1 Ba6 26. Qxa2 Bxe2+ 27. Kg1 Bc4 28. Qa8+ Qe8 29. Qxc6 Re1+ 30. Kh2 Rxh1+ 31. Kxh1 b3 32. cxb3 Bxb3 33. Nxd5 Bxd5 34. Qxd5 Qe1+ 35. Kh2 Qe5+ 36. Qxe5 Nxe5 37. f3 f6 38. Kg3 Nf7 39. Bf4 g5 40. hxg5 fxg5 41. Bd2 h5 42. Kf2 Kg7 43. g3 Kg6 44. Kg2 Nh6 45. Kh3 g4+ 46. Kg2 gxf3+ 47. Kxf3 Nf7 48. Kf4 Ng5 49. Ke3 Ne4 50. Be1 Kg5 51. Kf3 Nxg3 52. Bxg3 h4 53. Bxh4+ Kxh4 54. Kf4 1/2-1/2

[Event "DM 2026 Kort Paaske 1C"]
[Site "Svendborg"]
[Date "2026.03.29"]
[Round "2.19"]
[White "Christensen, Thorbjorn Erik K"]
[Black "Vilkauskas, Benas"]
[Result "0-1"]
[WhiteElo "1577"]
[BlackElo "1683"]
[WhiteFideId "1476246"]
[BlackFideId "1487132"]
[EventDate "2026.03.28"]
[EventType "swiss"]
[EventRounds "5"]
[EventCountry "DEN"]
[SourceTitle "Live v. Kasper Jerwiarz"]

1. e4 c6 2. d4 d5 3. e5 Bf5 4. Bd3 Bg6 5. Nf3 e6 6. O-O c5 7. Bb5+ Nc6 8. c3 a6 9. Bxc6+ bxc6 10. Be3 Qb6 11. Qb3 Qxb3 12. axb3 Bd3 13. Rc1 c4 14. Ne1 Be2 15. bxc4 Bxc4 16. Nd2 Be2 17. f3 a5 18. b4 a4 19. Rc2 Bb5 20. Rca2 Ne7 21. Ra3 Nc8 22. Nb3 Nb6 23. Nd2 Be7 24. Kf2 h5 25. h3 g5 26. g4 hxg4 27. hxg4 O-O-O 28. Ng2 Rh7 29. Rg1 Rdh8 30. Raa1 Kc7 31. Kg3 f5 32. exf6 Rh3+ 33. Kf2 Bxf6 34. f4 gxf4 35. Nxf4 Bh4+ 0-1

[Event "DM 2026 Kort Paaske 1C"]
[Site "Svendborg"]
[Date "2026.03.29"]
[Round "2.20"]
[White "Pei, Kai"]
[Black "Dithlevsen, Birgit"]
[Result "1-0"]
[WhiteElo "1503"]
[BlackElo "1614"]
[BlackFideId "1413201"]
[EventDate "2026.03.28"]
[EventType "swiss"]
[EventRounds "5"]
[EventCountry "DEN"]
[SourceTitle "Live v. Kasper Jerwiarz"]

1. e4 e5 2. Nf3 Nc6 3. d4 exd4 4. Nxd4 Nxd4 5. Qxd4 d6 6. Nc3 c6 7. Bf4 Be6 8. O-O-O Nf6 9. Bxd6 Bxd6 10. Qxd6 Qb6 11. f3 Rd8 12. Qxd8+ Qxd8 13. Rxd8+ Kxd8 14. Bd3 g6 15. Rd1 Kc7 16. a3 b5 17. b4 a6 18. e5 Nd7 19. Ne4 Nxe5 20. Nc5 Bc8 21. c3 Rd8 22. Bc2 Rxd1+ 23. Bxd1 Kb6 24. Bb3 a5 25. f4 Nc4 26. Bxc4 bxc4 27. Kd2 axb4 28. axb4 Kc7 29. Ke3 Kd6 30. Kd4 Be6 31. Nxe6 fxe6 32. Kxc4 h5 33. Kd4 h4 34. c4 Kd7 35. b5 cxb5 36. cxb5 Kd6 37. Kc4 Kd7 38. Kc5 Kc7 39. b6+ Kb7 40. Kd6 1-0

[Event "DM 2026 Kort Paaske 1C"]
[Site "Svendborg"]
[Date "2026.03.29"]
[Round "2.21"]
[White "Shekar, Diya"]
[Black "Shekar, Rohan"]
[Result "1-0"]
[WhiteElo "1540"]
[BlackElo "1522"]
[WhiteFideId "1472330"]
[BlackFideId "1485580"]
[EventDate "2026.03.28"]
[EventType "swiss"]
[EventRounds "5"]
[EventCountry "DEN"]
[SourceTitle "Live v. Kasper Jerwiarz"]

1. e4 d6 2. d4 g6 3. Bc4 Bg7 4. h3 Nd7 5. Nf3 b6 6. Nc3 Bb7 7. O-O f6 8. Re1 h5 9. Nh4 g5 10. Ng6 Rh7 11. Bxg8 Rh6 12. Nd5 Rxg6 13. Qxh5 Kf8 14. Qxg6 Kxg8 15. h4 Qe8 16. Qxe8+ Rxe8 17. Nxc7 Rc8 18. Nd5 Rxc2 19. Nxe7+ Kf8 20. Nf5 Bh8 21. Nxd6 Ba6 22. hxg5 fxg5 23. e5 Ke7 24. Bxg5+ Ke6 25. Rad1 Be2 26. Rd2 Rxd2 27. Bxd2 Ba6 28. f4 Kd5 29. Bc3 b5 30. e6 Nf6 31. Nf7 Bg7 32. e7 Ne8 33. Kf2 Bf6 34. Kf3 Kc6 35. Re6+ Kd7 36. Rxa6 Kxe7 37. Rxa7+ Kf8 38. d5 Be7 39. d6 Nxd6 40. Nxd6 Bxd6 41. Rb7 Ke8 42. Rxb5 Kf7 43. a4 Ke7 44. a5 Kd7 45. a6 Kc6 46. a7 Kxb5 47. a8=Q Bxf4 48. Kxf4 Kc5 49. Qd8 Kc6 50. Ke5 Kc5 51. Qd6+ Kc4 52. Qd5# 1-0

[Event "DM 2026 Kort Paaske 1C"]
[Site "Svendborg"]
[Date "2026.03.29"]
[Round "2.22"]
[White "Christensen, Soren Graugaard"]
[Black "Sundien, Jes"]
[Result "1-0"]
[WhiteElo "1723"]
[BlackElo "1537"]
[WhiteFideId "1413449"]
[BlackFideId "1470132"]
[EventDate "2026.03.28"]
[EventType "swiss"]
[EventRounds "5"]
[EventCountry "DEN"]
[SourceTitle "Live v. Kasper Jerwiarz"]

1. d4 d5 2. c4 e6 3. e3 Nf6 4. Nf3 c5 5. cxd5 Nxd5 6. dxc5 Bxc5 7. e4 Bxf2+ 8. Kxf2 Qb6+ 9. Qd4 Qxd4+ 10. Nxd4 Nc7 11. Bb5+ Nxb5 12. Nxb5 Na6 13. Nd6+ Ke7 14. e5 Nc5 15. Rd1 f6 16. Be3 Nd7 17. exf6+ gxf6 18. Nc3 Ne5 19. Rd4 Ng6 20. Rad1 e5 21. Nxc8+ Rhxc8 22. Rd7+ Ke6 23. g4 Rc6 24. Rxb7 f5 25. gxf5+ Kxf5 26. Rdd7 h5 27. a4 Rf8 28. Rf7+ Rf6 29. Rxf8 Rxf8 30. Ke2 Nf4+ 31. Bxf4 exf4 32. Kf3 Kg5 33. Rg7+ Kf5 34. Rd7 Ke5 35. Rd5+ Kf6 36. Rxh5 Kg6 37. Rh4 Kg5 38. Rg4+ 1-0

[Event "DM 2026 Kort Paaske 1C"]
[Site "Svendborg"]
[Date "2026.03.29"]
[Round "2.23"]
[White "Wilhelmsen, Vera"]
[Black "Andersen, Lene"]
[Result "0-1"]
[WhiteElo "1200"]
[BlackElo "1604"]
[WhiteFideId "1489097"]
[BlackFideId "1469576"]
[EventDate "2026.03.28"]
[EventType "swiss"]
[EventRounds "5"]
[EventCountry "DEN"]
[SourceTitle "Live v. Kasper Jerwiarz"]

1. d4 d5 2. Nf3 Nc6 3. Bf4 Nf6 4. e3 a6 5. c3 Bd7 6. Nbd2 e6 7. Be2 Be7 8. Qc2 O-O 9. O-O-O b5 10. Ne5 b4 11. Nxc6 Bxc6 12. cxb4 Bb5 13. Bxc7 Qc8 14. Bxb5 axb5 15. a3 Ra7 16. Bb6 Qxc2+ 17. Kxc2 Raa8 18. Kd3 Ng4 19. Ke2 Rfc8 20. Bc5 Bh4 21. g3 Bd8 22. h3 Nf6 23. f4 Nd7 24. Rc1 Bb6 25. Bxb6 Nxb6 26. Rxc8+ Rxc8 27. Rb1 Na4 28. Kd3 f5 29. b3 Rc3+ 30. Ke2 Nb6 31. Kf3 h5 32. Ra1 Rc2 33. Nb1 Rb2 34. Nc3 Rxb3 35. Nxb5 Na4 36. Ke2 Rb2+ 37. Kf3 Rb3 38. Rc1 Nb6 39. Rc6 Nc4 40. Rxe6 Nd2+ 41. Ke2 Ne4 42. Kf3 Rb2 43. Re8+ Kh7 0-1

[Event "DM 2026 Kort Paaske 1C"]
[Site "Svendborg"]
[Date "2026.03.29"]
[Round "2.24"]
[White "Lindorf, Alberte"]
[Black "Fogh, Torben"]
[Result "1-0"]
[WhiteElo "1200"]
[BlackElo "1605"]
[BlackFideId "1420704"]
[EventDate "2026.03.28"]
[EventType "swiss"]
[EventRounds "5"]
[EventCountry "DEN"]
[SourceTitle "Live v. Kasper Jerwiarz"]

1. e4 c5 2. Nc3 d6 3. Nf3 a6 4. d4 cxd4 5. Nxd4 Nf6 6. Bg5 e6 7. Bc4 Be7 8. Bd3 h6 9. Bh4 O-O 10. Qe2 Qb6 11. Nb3 Nc6 12. Rb1 Re8 13. O-O Bd7 14. a3 Nd4 15. Nxd4 Qxd4 16. Qe3 Qxe3 17. fxe3 Rac8 18. Rbd1 g5 19. Bg3 Rc5 20. Rd2 Ng4 21. Re2 Nf6 22. Bxd6 Bxd6 23. Rxf6 Kg7 24. Rf1 Be5 25. Nd1 Rec8 26. Rd2 R8c7 27. c3 R5c6 28. Be2 Rb6 29. Bh5 Bc6 30. Nf2 Bb5 31. Rc1 Rd7 32. Rxd7 Bxd7 33. Rc2 Rc6 34. Ng4 Bc7 35. Rd2 Rd6 36. Rxd6 Bxd6 37. Nf2 Bc5 38. Nd1 Ba4 39. Kf2 Bd6 40. h3 Bc6 41. Bf3 Bc7 42. Ke2 Kg6 43. g4 Kf6 44. b3 Ke5 45. Nf2 b5 46. Nd3+ Kd6 47. e5+ Kd7 48. Nc5+ Ke7 49. Bxc6 Bxe5 50. Nxa6 Bxc3 51. Bxb5 f5 52. gxf5 exf5 53. Bd3 Kf6 54. b4 h5 55. b5 Ba5 56. Nb8 Ke6 57. Nc6 Bb6 58. a4 h4 59. Kf3 g4+ 60. hxg4 fxg4+ 61. Kxg4 Bxe3 62. Kxh4 Kd6 63. Kg4 Kc7 64. Kf3 Bc5 65. Ke4 Bf2 66. Kd5 Be3 67. a5 Bf2 68. Nd4 Be1 69. a6 Kb6 70. Ne6 Bg3 71. Nf8 Bf2 72. Nd7+ Kc7 73. b6+ Kxd7 74. a7 1-0

[Event "DM 2026 Kort Paaske 1C"]
[Site "Svendborg"]
[Date "2026.03.29"]
[Round "2.25"]
[White "Bertl Eberle, Emil"]
[Black "Kreiner, Aksel Brandt"]
[Result "1-0"]
[WhiteElo "1451"]
[BlackElo "1579"]
[WhiteFideId "1481207"]
[BlackFideId "1489313"]
[EventDate "2026.03.28"]
[EventType "swiss"]
[EventRounds "5"]
[EventCountry "DEN"]
[SourceTitle "Live v. Kasper Jerwiarz"]

1. d4 Nf6 2. Nc3 d5 3. Bf4 Bf5 4. e3 e6 5. Nf3 c5 6. Ne5 Qb6 7. Bb5+ Nc6 8. g4 Bg6 9. h4 a6 10. Bxc6+ bxc6 11. h5 Qxb2 12. hxg6 Qxc3+ 13. Kf1 cxd4 14. exd4 Bb4 15. gxf7+ Kf8 16. Ng6+ Kxf7 17. Nxh8+ Rxh8 18. g5 Ne4 19. g6+ Kg8 20. Kg2 hxg6 21. Qg4 Kf7 22. Rxh8 Qxa1 23. Qf3 Nf6 24. Be5 Be7 25. Qf4 Qxa2 26. Bxf6 Bxf6 27. Qb8 Be7 28. Qe8+ Kf6 29. Rh3 Bd6 30. Rf3+ Kg5 31. Qd8+ Kh5 32. Rh3+ Kg4 33. Qh4+ Kf5 34. Rf3+ Bf4 35. Rxf4# 1-0

[Event "DM 2026 Kort Paaske 1C"]
[Site "Svendborg"]
[Date "2026.03.29"]
[Round "2.26"]
[White "Berglund, Viktor Markvard"]
[Black "Skytte, Amanda"]
[Result "1/2-1/2"]
[WhiteElo "1599"]
[BlackElo "1565"]
[WhiteFideId "1481622"]
[BlackFideId "1476882"]
[EventDate "2026.03.28"]
[EventType "swiss"]
[EventRounds "5"]
[EventCountry "DEN"]
[SourceTitle "Live v. Kasper Jerwiarz"]

1. e4 c6 2. d4 d5 3. exd5 cxd5 4. Nf3 Nc6 5. Nc3 Bg4 6. Bb5 a6 7. Ba4 b5 8. Bb3 e6 9. a3 Nf6 10. O-O h6 11. Bf4 Bxf3 12. Qxf3 Nxd4 13. Qd3 Bc5 14. Be3 Nxb3 15. cxb3 Bd6 16. Bd2 O-O 17. Ne2 e5 18. Ng3 e4 19. Qc3 Rc8 20. Qd4 Bc5 21. Qe5 Re8 22. Qf4 Bd6 23. Qh4 Nh7 24. Qg4 Qf6 25. Nf5 g5 26. f4 Bc5+ 27. Kh1 e3 28. Bxe3 Bxe3 29. Nxe3 Rcd8 30. fxg5 Qxg5 31. h4 Qxg4 32. Nxg4 Kg7 33. Rac1 d4 34. Rc7 Kg6 35. Rcxf7 d3 36. h5+ Kxh5 37. Rg7 Rd5 38. Nh2 d2 39. Rf3 d1=Q+ 40. Nf1 Re4 41. Rh3+ Rh4 42. g4+ Qxg4 43. Ng3+ Qxg3 44. Rxg3 Rxh3+ 45. Rxh3+ Kg6 46. Rc3 h5 47. Rc6+ Kg5 48. Rxa6 h4 49. Ra7 Nf6 50. Rg7+ Kf4 51. Kh2 Rh5 52. a4 Ng4+ 53. Kh3 Nf2+ 54. Kh2 h3 55. Rf7+ Ke3 56. a5 Ng4+ 57. Kh1 Nf2+ 58. Kh2 Ng4+ 59. Kh1 Nf2+ 1/2-1/2

[Event "DM 2026 Kort Paaske 1C"]
[Site "Svendborg"]
[Date "2026.03.29"]
[Round "2.27"]
[White "Berglund, Konrad Markvard"]
[Black "Lindorf, Jonas"]
[Result "0-1"]
[WhiteElo "1350"]
[BlackElo "1200"]
[WhiteFideId "1485504"]
[EventDate "2026.03.28"]
[EventType "swiss"]
[EventRounds "5"]
[EventCountry "DEN"]
[SourceTitle "Live v. Kasper Jerwiarz"]

1. e4 e5 2. Nf3 Nc6 3. Nc3 Nf6 4. Bc4 Nxe4 5. Nxe4 d5 6. Bxd5 Qxd5 7. Nc3 Qd6 8. O-O Bg4 9. d3 O-O-O 10. h3 Bh5 11. Be3 f5 12. Bg5 Be7 13. Be3 f4 14. Bd2 Nd4 15. g4 fxg3 16. fxg3 Bxf3 17. Rxf3 Nxf3+ 18. Qxf3 Rhf8 19. Qg4+ Kb8 20. Qxg7 Qd4+ 21. Kg2 Qf2+ 22. Kh1 Qf3+ 23. Kg1 Bc5+ 0-1

[Event "DM 2026 Kort Paaske 1C"]
[Site "Svendborg"]
[Date "2026.03.29"]
[Round "3.20"]
[White "Vilkauskas, Benas"]
[Black "Shekar, Diya"]
[Result "1-0"]
[WhiteElo "1683"]
[BlackElo "1540"]
[WhiteFideId "1487132"]
[BlackFideId "1472330"]
[EventDate "2026.03.28"]
[EventType "swiss"]
[EventRounds "5"]
[EventCountry "DEN"]
[SourceTitle "Live v. Kasper Jerwiarz"]

1. d4 d5 2. Bf4 Nf6 3. Nc3 a6 4. e3 Bf5 5. Be2 e6 6. a3 Bd6 7. Bg5 Nbd7 8. Bd3 Be7 9. Bxf5 exf5 10. Qf3 c6 11. Bxf6 Nxf6 12. Qxf5 O-O 13. Nf3 Qb6 14. Rb1 Rad8 15. b4 a5 16. O-O axb4 17. axb4 Ra8 18. Rb3 Bd6 19. Rfb1 Rfe8 20. Ne5 Re7 21. g3 h6 22. Ng4 Ne4 23. Nxe4 Rxe4 24. c4 dxc4 25. Rc3 Re6 26. Rxc4 Qa6 27. Qc2 f5 28. b5 Qa2 29. Ne5 Qxc2 30. Rxc2 c5 31. Nf3 cxd4 32. Nxd4 Re5 33. Rd1 Bc5 34. Nf3 Rae8 35. Nxe5 Rxe5 36. Kg2 Bb6 37. Rb1 Kh7 38. Rc8 g5 39. Rb8 Re7 40. Rc1 Kg6 41. Rcc8 Kh5 42. h3 f4 43. g4+ Kh4 44. Rh8 Re6 45. Rxb7 f3+ 46. Kh2 Bd4 47. exd4 Rd6 48. Rbh7 h5 49. Rxh5# 1-0

[Event "DM 2026 Kort Paaske 1C"]
[Site "Svendborg"]
[Date "2026.03.29"]
[Round "3.21"]
[White "Andersen, Lene"]
[Black "Pei, Kai"]
[Result "1/2-1/2"]
[WhiteElo "1604"]
[BlackElo "1503"]
[WhiteFideId "1469576"]
[EventDate "2026.03.28"]
[EventType "swiss"]
[EventRounds "5"]
[EventCountry "DEN"]
[SourceTitle "Live v. Kasper Jerwiarz"]

1. e4 c5 2. Bc4 e6 3. Nc3 Nc6 4. f4 d5 5. exd5 exd5 6. Nxd5 a6 7. a4 Rb8 8. Nc3 Nf6 9. Nf3 Bd6 10. d3 O-O 11. O-O Qc7 12. Ng5 Bg4 13. Qd2 Nh5 14. Nd5 Qd8 15. Qf2 b5 16. axb5 axb5 17. Ba2 h6 18. Ne4 Nd4 19. Nxd6 Qxd6 20. Ne3 Be2 21. Re1 Nxf4 22. c3 Nde6 23. Rxe2 Nxe2+ 24. Qxe2 Nf4 25. Qf1 Nxd3 26. Nf5 Qd7 27. Nh4 Rfe8 28. Bxh6 gxh6 29. Qf6 Qe7 30. Qg6+ Kf8 31. Qxh6+ Kg8 32. Qg6+ Kh8 33. Qh6+ 1/2-1/2